Countries Closest to Peru - Sudden Death - Statistics

General Stats
  • This quiz has been taken 22 times
  • The average score is 11 of 15
Answers on the Grid
Answers color-coded by a green-red scale on the quiz's grid according to % correct below.
Bolivia
Chile
Brazil
Ecuador
Colombia
Venezuela
Guyana
Panama
Costa Rica
Nicaragua
Trinidad and Tobago
Suriname
Paraguay
Uruguay
Argentina
Saint Kitts and Nevis
Antigua and Barbuda
Saint Lucia
Saint Vincent and the Grenadines
Dominica
Saint Lucia
Barbados
Belize
Honduras
El Salvador
Guatemala
Mexico
Cuba
Dominican Republic
Haiti
 
Answer Stats
Answer % Correct
Brazil
95%
Ecuador
95%
Colombia
90%
Panama
90%
Venezuela
90%
Argentina
86%
Bolivia
86%
Chile
86%
Paraguay
86%
Uruguay
67%
Guyana
62%
Suriname
62%
Costa Rica
52%
Nicaragua
48%
Trinidad and Tobago
19%
No matching quizzes found
Score Distribution
Percent of People with Each Score
Percentile by Number Answered
Your Score History
You have not taken this quiz